00000000nam##2200000za#4500
0019.608879
003CaOODSP
00520220111083335
007ta
008150406|1993||||xxc|||||     f|0| 0 eng|d
020 |a0-662-20830-7
022 |a1713-0638
040 |aCaOODSP|beng
043 |an-cn---
0861 |aNE22-1/1993-8E
1101 |aCanada. |bNational Energy Board.
24510|aIn the matter of: CanWest Gas Supply Inc.: application pursuant to Part VI of the National Energy Board Act for a licence to export natural gas; and ProGas Limited : |bapplication pursuant to Section 21 and Part VI of the National Energy Board Act to amend a licence to export natural gas and for a licence to export natural gas
260 |aCalgary - Alberta : |bNational Energy Board |c1993.
300 |a22p. : |bgraphs, tables ; |c28 cm.
4901 |aReasons for decision|x1713-0638
563 |aSoftcover
69007|aPetroleum industry|2gcpds
77508|tRelativement à: CanWest Gas Supply Inc.: demande de licence d'exportation de gaz naturel conformément à la Partie VI de la Loi sur l'Office national de l'énergie; et Progas Limited. : |w(CaOODSP)9.620892
7760#|tReasons for decision in the matter of CanWest Gas Supply Inc. ... ProGas Limited : |w(CaOODSP)9.572417
830#0|aReasons for decision (Canada. National Energy Board)|x1713-0638|w(CaOODSP)9.514808
986 |aGH-3-93